| 000 | 00420nam a2200133Ia 4500 | ||
|---|---|---|---|
| 008 | 180523s9999 xx 000 0 und d | ||
| 020 | _a9789719810179 | ||
| 100 | _aCariño, Jovito V. | ||
| 245 |
_cJovito V. Cariño. _aFundamentals of ethics / |
||
| 260 |
_aQuezon City : _bC & E Publishing _c2018 |
||
| 300 |
_axiii, 187 pages : _billustrations ; _ccm. |
||
| 500 | _aIncludes bibliography and index. | ||
| 650 | _aEthics. | ||
| 999 |
_c357895 _d357895 |
||